Library of the University of Algiers 3
Ibrahim Sultan Cheibout
شعار جامعة الجزائر 3
مكتبة جامعة الجزائر 3
إبراهيم سلطان شيبوط

التوقيع الالكتروني في النظم القانونية المقارنة / (رقم التسجيلة. 45696)

تفاصيل مارك
000 -LEADER
fixed length control field 01099nam a2200229Ia 4500
003 - CONTROL NUMBER IDENTIFIER
control field Ost
005 - DATE AND TIME OF LATEST TRANSACTION
control field 20260507075656.0
008 - FIXED-LENGTH DATA ELEMENTS--GENERAL INFORMATION
fixed length control field 260507s9999||||xx |||||||||||||| ||und||
040 ## - CATALOGING SOURCE
Transcribing agency fsecg
041 ## - LANGUAGE CODE
Language code of text/sound track or separate title ara
082 ## - DEWEY DECIMAL CLASSIFICATION NUMBER
Classification number 341.754
100 ## - MAIN ENTRY--PERSONAL NAME
Personal name حجازي، عبد الفتاح بيومي
Relator term مؤلف
245 #0 - TITLE STATEMENT
Title التوقيع الالكتروني في النظم القانونية المقارنة /
Statement of responsibility, etc. عبد الفتاح بيومي حجازي
260 ## - PUBLICATION, DISTRIBUTION, ETC.
Place of publication, distribution, etc. الاسكندرية:
Name of publisher, distributor, etc. دار الفكر الجامعي,
Date of publication, distribution, etc. 2005
300 ## - PHYSICAL DESCRIPTION
Extent 652 صفحة؛
Other physical details إيضاحات ؛
Dimensions 24 سم
504 ## - BIBLIOGRAPHY, ETC. NOTE
Bibliography, etc. note المراجع ص.623
520 ## - SUMMARY, ETC.
Summary, etc. التعريف بالتوقيع الالكتروني، جهات التصديق الالكتروني والشهادات الصادرة عنها، حجية التوقيع الالكتروني ودوره في الاثبات، الحماية الجنائية للتوقيع الالكتروني
653 ## - INDEX TERM--UNCONTROLLED
Uncontrolled term الإثباث القانوني
653 ## - INDEX TERM--UNCONTROLLED
Uncontrolled term التوقيع الإلكتروني
653 ## - INDEX TERM--UNCONTROLLED
Uncontrolled term الحماية الجنائية
942 ## - ADDED ENTRY ELEMENTS (KOHA)
Koha item type كتب

لا توجد مواد متاحة.

موارد الويب المفتوحة


© University of Algiers 3 All Rights Reserved
|
Implemented by LECHELAH Riad